00249nam a22000857a 4500082001700000100002200017245008900039260002600128300000900154 a940.53 ROT'S aROTHBERG, ABRAHAM aSIEGE EYEWITNESS HISTORY OF WORLD WAR-II THE TOTAL EXPERIENCE IN WORDS AND PHOTGRAPH aNEWYORKbBANTAMc1962 a215P